<?xml version="1.0" encoding="UTF-8"?>
<record
    xmlns:xsi="http://www.w3.org/2001/XMLSchema-instance"
    xsi:schemaLocation="http://www.loc.gov/MARC21/slim http://www.loc.gov/standards/marcxml/schema/MARC21slim.xsd"
    xmlns="http://www.loc.gov/MARC21/slim">

  <leader>01565nam a22002177a 4500</leader>
  <controlfield tag="005">20250409145243.0</controlfield>
  <controlfield tag="008">250409b        |||||||| |||| 00| 0 eng d</controlfield>
  <datafield tag="020" ind1=" " ind2=" ">
    <subfield code="a">9789332518322</subfield>
  </datafield>
  <datafield tag="040" ind1=" " ind2=" ">
    <subfield code="c">AIMIT LIBRARY</subfield>
  </datafield>
  <datafield tag="082" ind1=" " ind2=" ">
    <subfield code="2">10</subfield>
    <subfield code="a">339</subfield>
    <subfield code="b">FROR</subfield>
  </datafield>
  <datafield tag="100" ind1=" " ind2=" ">
    <subfield code="a">Froyen, Richard T.</subfield>
    <subfield code="9">208128</subfield>
  </datafield>
  <datafield tag="245" ind1=" " ind2=" ">
    <subfield code="a">Macroeconomics : </subfield>
    <subfield code="b">theory and policies /</subfield>
    <subfield code="c">By Richard T Froyen.</subfield>
  </datafield>
  <datafield tag="250" ind1=" " ind2=" ">
    <subfield code="a">10th ed.</subfield>
  </datafield>
  <datafield tag="260" ind1=" " ind2=" ">
    <subfield code="a">New Delhi :</subfield>
    <subfield code="b">Pearson ,</subfield>
    <subfield code="c">2024.</subfield>
  </datafield>
  <datafield tag="300" ind1=" " ind2=" ">
    <subfield code="a">385p. ;</subfield>
    <subfield code="b">PB</subfield>
    <subfield code="c">25.7 cm</subfield>
  </datafield>
  <datafield tag="500" ind1=" " ind2=" ">
    <subfield code="a">Macroeconomics: Theories and Policies &#x2013; Tenth Edition, compiled by Richard T. Froyen and published by Pearson, traces the history, progress and challenges of Keynesian economics, presenting a complete, exhaustive and impartial view of modern macroeconomic theory. It contains a large numbers of charts, illustrations, and reference tables to represent theoretical concepts visually, wherever appropriate.

About Pearson Education

Pearson Education has been publishing books of all genres, including science, technology, law, business, humanities and others, and has been educating more than a hundred million people across the world. Some of the books published by Pearson are: Decision Support and Business Intelligence systems, Electromagnetic Field Theory, Computer Architecture and Organization, Managing Business Process Flows, and A Critical Companion to Compulsory English.</subfield>
  </datafield>
  <datafield tag="650" ind1=" " ind2=" ">
    <subfield code="a">The monetarist counterrevolution</subfield>
    <subfield code="9">208129</subfield>
  </datafield>
  <datafield tag="650" ind1=" " ind2=" ">
    <subfield code="a">Macroeconomic models : a summary</subfield>
    <subfield code="9">208130</subfield>
  </datafield>
  <datafield tag="650" ind1=" " ind2=" ">
    <subfield code="a">Optimal monetary policy</subfield>
    <subfield code="9">208131</subfield>
  </datafield>
  <datafield tag="942" ind1=" " ind2=" ">
    <subfield code="2">ddc</subfield>
    <subfield code="c">BK</subfield>
    <subfield code="e">10th</subfield>
    <subfield code="k">339 FROR</subfield>
  </datafield>
  <datafield tag="999" ind1=" " ind2=" ">
    <subfield code="c">234142</subfield>
    <subfield code="d">234142</subfield>
  </datafield>
  <datafield tag="952" ind1=" " ind2=" ">
    <subfield code="0">0</subfield>
    <subfield code="1">0</subfield>
    <subfield code="2">ddc</subfield>
    <subfield code="4">0</subfield>
    <subfield code="7">0</subfield>
    <subfield code="8">MBA</subfield>
    <subfield code="a">AIMIT</subfield>
    <subfield code="b">AIMIT</subfield>
    <subfield code="c">ECO</subfield>
    <subfield code="d">2025-03-11</subfield>
    <subfield code="e">Biblios Book Point</subfield>
    <subfield code="g">960.00</subfield>
    <subfield code="i">Bill.no:7466; Bill.dt:2025/03/11</subfield>
    <subfield code="l">0</subfield>
    <subfield code="o">339 FROR</subfield>
    <subfield code="p">MBA14936</subfield>
    <subfield code="r">2025-07-21 00:00:00</subfield>
    <subfield code="v">748.80</subfield>
    <subfield code="w">2025-04-09</subfield>
    <subfield code="y">BK</subfield>
  </datafield>
  <datafield tag="952" ind1=" " ind2=" ">
    <subfield code="0">0</subfield>
    <subfield code="1">0</subfield>
    <subfield code="2">ddc</subfield>
    <subfield code="4">0</subfield>
    <subfield code="7">0</subfield>
    <subfield code="8">MBA</subfield>
    <subfield code="a">AIMIT</subfield>
    <subfield code="b">AIMIT</subfield>
    <subfield code="c">ECO</subfield>
    <subfield code="d">2025-03-11</subfield>
    <subfield code="e">Biblios Book Point</subfield>
    <subfield code="g">960.00</subfield>
    <subfield code="i">Bill.no:7466; Bill.dt:2025/03/11</subfield>
    <subfield code="l">0</subfield>
    <subfield code="o">339 FROR</subfield>
    <subfield code="p">MBA14937</subfield>
    <subfield code="r">2025-07-21 00:00:00</subfield>
    <subfield code="v">748.80</subfield>
    <subfield code="w">2025-04-09</subfield>
    <subfield code="y">BK</subfield>
  </datafield>
</record>
